Evolución histórica de la doctrina penal chilena: desde 1874 hasta nuestros días
Zapisane w:
| 1. autor: | |
|---|---|
| Format: | Książka |
| Język: | hiszpański |
| Wydane: |
Santiago
Legal Publishing
2011
|
| Wydanie: | 1a. ed |
| Hasła przedmiotowe: | |
| Etykiety: |
Dodaj etykietę
Nie ma etykietki, Dołącz pierwszą etykiete!
|
MARC
| LEADER | 00000cam a2200000 a 4500 | ||
|---|---|---|---|
| 001 | UCG9725 | ||
| 003 | CL-VaPUC | ||
| 008 | 120330e20111200CL |||||||||||||||||spa|d | ||
| 020 | |a 9789563460988 | ||
| 082 | 0 | 4 | |a 345.8302 |b MAT |2 21 |
| 100 | |a Matus Acuña, Jean Pierre |e autor |9 622291 | ||
| 245 | 1 | 0 | |a Evolución histórica de la doctrina penal chilena: desde 1874 hasta nuestros días |
| 250 | |a 1a. ed | ||
| 300 | |a 437 p | ||
| 942 | |c BK | ||
| 945 | |d 20120330 00:00:00 |a dcastane | ||
| 260 | |a Santiago |b Legal Publishing |c 2011 | ||
| 650 | 7 | |a CODIGO DE PROCEDIMIENTO PENAL |2 CL-VaPUC |9 256474 | |
| 650 | 7 | |a DERECHO PENAL |2 CL-VaPUC |9 11 | |
| 650 | 0 | |a Procedimiento penal |9 254974 | |
| 650 | 0 | |a Historia del derecho |9 255109 | |
| 650 | 7 | |a DOCTRINA PENAL |2 CL-VaPUC |9 390788 | |
| 583 | |a last modification |c 20120330 10:33:00 |k Rodrigo Vera | ||
| 999 | |c 347271 |d 347269 | ||
| 952 | |0 0 |1 0 |4 0 |6 345_830200000000000_MAT_2011 |7 0 |8 A |9 448511 |a BIBDER |b BIBDER |d 2019-11-22 |i 4845072 |o 345.8302 MAT 2011 |p 4845072 |r 2023-01-25 |w 2019-11-22 |y BK |k DER | ||
| 952 | |0 0 |1 0 |4 0 |6 345_830200000000000_MAT_2011 |7 0 |8 A |9 448512 |a BIBDER |b BIBDER |d 2019-11-22 |i 4846524 |l 12 |m 1 |o 345.8302 MAT 2011 |p 4846524 |r 2024-11-26 |s 2024-11-26 |w 2019-11-22 |y BK |k DER | ||